Statistics for Vocab in the Integrated Chinese Level 3 Book

Click here to take the quiz!

General Stats

  • This quiz has been taken 104 times
    (29 since last reset)
  • The average score is 30 of 192

Answer Stats

暗示词汇% Correct
chicken
71%
also measure word for academic courses | door
57%
spicy
57%
news新闻
57%
game游戏
57%
hobby爱好
57%
heart, mind
57%
to help帮助
57%
world世界
57%
karaoke卡拉OK
57%
chopsticks筷子
43%
fragrant
43%
fresh新鲜
43%
to apologize道歉
43%
needs, to need需要
43%
oil
43%
attitude态度
43%
history历史
43%
empty
43%
new student新生
43%
network, the internet (Lesson 7)网络
43%
to graduate毕业
43%
jeans牛仔裤
43%
to wash
43%
old (of things)
43%
famous brand名牌
29%
to make
29%
restaurant餐馆
29%
to agree同意
29%
salty
29%
different不同
29%
to joke开玩笑
29%
to decide决定
29%
to resemble (Lesson 4)
29%
chemistry化学
29%
to discuss讨论
29%
toothpaste牙膏
29%
to choose (Lesson 5)
29%
original, former原来
29%
really真的
29%
road马路
29%
comforter, quilt被子
29%
free of charge免费
29%
bow (for archery)
29%
long
29%
important重要
29%
era, age时代
29%
safe安全
29%
to save money省钱
29%
freedom自由
29%
to become addicted上瘾
29%
useful有用
29%
washing machine洗衣机
29%
to leave, to depart离开
29%
website网站
29%
to care, to mind在乎
29%
daily necessities日用品
29%
writing supplies文具
29%
to make friends交朋友
29%
key钥匙
29%
material (reference, academic)资料
14%
to mention
14%
perhaps, maybe说不定
14%
translate翻译
14%
movie theater电影院
14%
to accompany
14%
professor教授
14%
to get angry生气
14%
serious, grave严重
14%
simply, at all根本
14%
to solve解决
14%
to dare
14%
to get along相处
14%
to arrive late迟到
14%
to suggest, suggestion建议
14%
to talk
14%
all day long整天
14%
garbage, trash垃圾
14%
numeral, figure, digit数字
14%
background背景
14%
to download下载
14%
to quarrel吵架
14%
to happen发生
14%
senior high school高中
14%
magazine杂志
14%
to begin a new semester (Lesson 1)开学
14%
menu菜单
14%
taste, flavor味道
14%
measure word for stories of a building
14%
life, to live生活
14%
i'm afraid that恐怕
14%
spinach菠菜
14%
tender
14%
toilet paper卫生纸
14%
idea主意
14%
air conditioning空调
14%
benefits好处
14%
towel毛巾
14%
to hang up
14%
cabinet柜子
14%
brand牌子
14%
price价钱
14%
doorway门口
14%
to worry着急
14%
to be born出生
14%
graduate student研究生
14%
measure word for vehichles
14%
T-ShirtT恤衫
14%
forgetful丢三拉四
0%
wardrobe衣柜
0%
clothes dryer干衣机
0%
in fact, in reality实际上
0%
measure word for machines
0%
to put, place
0%
continuously, incessantly不停
0%
mediocre马虎
0%
generally一般
0%
to part company分手
0%
blanket毯子
0%
as a result结果
0%
blog博客
0%
basic necessities of life衣食住行
0%
off campus校外
0%
on campus校内
0%
relatively比较
0%
not necessarily不见得
0%
room屋子
0%
to stay
0%
to cause trouble, to harm
0%
always老是
0%
to adapt适应
0%
to order takeout外卖
0%
roomate (Lesson 2)同屋
0%
dependable可靠
0%
to lag behind落伍
0%
to move搬家
0%
to help帮忙
0%
authentic地道
0%
software软件
0%
exclamation
0%
hastily, in a hurry急忙
0%
to leave
0%
to agree答应
0%
pure cotton纯棉
0%
in a few days过几天
0%
unable to bear受不了
0%
academic credit学分
0%
academic degree (of a college)
0%
economics经济
0%
academic degree学位
0%
Woolen sweater毛衣
0%
to run into (a person)碰见
0%
opinion意见
0%
regardless of.../whether it be...无论
0%
light, relaxed轻松
0%
essay文章
0%
for example比方说
0%
other, else其他
0%
laundry powder洗衣粉
0%
to shop购物
0%
standard标准
0%
have to非...不可
0%
reason道理
0%
to be forced to只好
0%
quality质量
0%
gosh哎呀
0%
to consider考虑
0%
if its not...its...要么...要么
0%
coincidentally (Lesson 3)正好
0%
to order food叫菜
0%
completely一干二净
0%
study abroad留学生
0%
fashionable时髦
0%
to steam清蒸
0%
what on earth到底
0%
Chinese broccoli芥兰
0%
vocal concert演唱会
0%
fan
0%
extroverted开朗
0%
organic有机
0%
school of engineering工学院
0%
something that weighs on one's mind (Lesson 6)心事
0%
napkin餐巾
0%
each, every
0%
finance金融
0%
to earn money挣钱
0%
future将来
0%
literature文学
0%
taste口味
0%
school of management管理学院
0%
feeling, sense perception, to percieve感觉
0%

Score Distribution

Percentile by Number Answered

Percent of People with Each Score

Your Score History

You have not taken this quiz since the last reset